Scholastic Quiz Olympics/ (Record no. 78299)

MARC details
000 -LEADER
fixed length control field 00813nam a22002297a 4500
005 - DATE AND TIME OF LATEST TRANSACTION
control field 20130819114437.0
010 ## - LCCN (DPL NO)
LC control number B-523675
020 ## - INTERNATIONAL STANDARD BOOK NUMBER
International Standard Book Number 9788184770339
Terms of availability 95.00
035 ## - SYSTEM CONTROL NUMBER
System control number B-523675
037 ## - SOURCE OF ACQUISITION
Stock number KKP/Ven.
Source of stock number/acquisition KKP/BL3088/11.04.2013/203/11.04.2013/16.05.2013
082 ## - DEWEY DECIMAL CLASSIFICATION NUMBER
Classification number 796.48
100 ## - MAIN ENTRY--PERSONAL NAME
Personal name Krishnaswamy, V
245 ## - TITLE STATEMENT
Title Scholastic Quiz Olympics/
Statement of responsibility, etc by V.kishnaswamy
250 ## - EDITION STATEMENT
Edition statement 2008
260 ## - PUBLICATION, DISTRIBUTION, ETC. (IMPRINT)
Place of publication, distribution, etc Gurgoan
Name of publisher, distributor, etc Schlastic India Pvt. Ltd
270 ## - ADDRESS
Address Golf View Corporate Tower-A, 3rd Floor,DLF Phase-V
270 ## - ADDRESS
Address Golf View Corporate Tower-A 3rd Floor, DLF Phase-V
City Gurgoan
Postal code 122002
300 ## - PHYSICAL DESCRIPTION
Extent 64p.
Other physical details 15cm (pbk)
Dimensions ill.
500 ## - GENERAL NOTE
General note Include Index
942 ## - ADDED ENTRY ELEMENTS (KOHA)
Source of classification or shelving scheme Dewey Decimal Classification
Item type Children Books
Call number suffix KRI
Classification part 796.48
Holdings
Withdrawn status Lost status Not for loan Collection code Home library Current library Date acquired Source of acquisition Cost, normal purchase price Full call number Barcode Copy number Cost, replacement price Koha item type
      Non-fiction Andrews Gunj Andrews Gunj 19/08/2013 KKP/BL3088/11.04.2013/203/11.04.2013/16.05.2013 95.00 796.48 KRI B-523678 1 95.00 Children Books
      Non-fiction Central Library Central Library 19/08/2013 KKP/BL3088/11.04.2013/203/11.04.2013/16.05.2013 95.00 796.48 KRI B-523675 1 95.00 Children Books
  Written-off vide DLB M. No. 383 dt 16.05.19   Non-fiction Qila Rai Pithora Qila Rai Pithora 19/08/2013 KKP/BL3088/11.04.2013/203/11.04.2013/16.05.2013 95.00 796.48 KRI B-523681 1 95.00 Children Books
  Written-off vide DLB M. No. 383 dt 16.05.19   Non-fiction R.C.Libraries (BL-IV) R.C.Libraries (BL-IV) 19/08/2013 KKP/BL3088/11.04.2013/203/11.04.2013/16.05.2013 95.00 796.48 KRI B-523684 1 95.00 Children Books
      Non-fiction R.K.Puram-8 R.K.Puram-8 19/08/2013 KKP/BL3088/11.04.2013/203/11.04.2013/16.05.2013 95.00 796.48 KRI B-523677 1 95.00 Children Books
      Non-fiction Sarojini Nagar Sarojini Nagar 19/08/2013 KKP/BL3088/11.04.2013/203/11.04.2013/16.05.2013 95.00 796.48 KRI B-523676 1 95.00 Children Books
      Non-fiction Sarojini Nagar Sarojini Nagar 19/08/2013 KKP/BL3088/11.04.2013/203/11.04.2013/16.05.2013 95.00 796.48 KRI B-523680 1 95.00 Children Books
  Written-off vide DLB M. No. 383 dt 16.05.19   Non-fiction Shahdara Branch Shahdara Branch 19/08/2013 KKP/BL3088/11.04.2013/203/11.04.2013/16.05.2013 95.00 796.48 KRI B-523683 1 95.00 Children Books
      Non-fiction Shahdara Branch Shahdara Branch 19/08/2013 KKP/BL3088/11.04.2013/203/11.04.2013/16.05.2013 95.00 796.48 KRI B-523685 1 95.00 Children Books
      Non-fiction Sriniwas Puri Sriniwas Puri 19/08/2013 KKP/BL3088/11.04.2013/203/11.04.2013/16.05.2013 95.00 796.48 KRI B-523679 1 95.00 Children Books
      Non-fiction Vinoba Puri Vinoba Puri 19/08/2013 KKP/BL3088/11.04.2013/203/11.04.2013/16.05.2013 95.00 796.48 KRI B-523682 1 95.00 Children Books

© Delhi Public Library
Hit Counter
free hit counter